000 00326nam a22001457a 4500
003 SGT
020 _a9788180388973
082 _a340.072
100 _aSINGH RATTAN
245 _aLEGAL RESEARCH METHODOLOGY
260 _aNEW DELHI
_bLEXIS NEXIS
_c2013
300 _a379
650 _aRESEARCH METHODOLOGY
942 _2ddc
_cBK
_06
999 _c10143
_d10143